Structural mechanics : (Record no. 546659)

000 -LEADER
fixed length control field 00707pam a2200181 a 4500
020 ## - INTERNATIONAL STANDARD BOOK NUMBER
International Standard Book Number 0471960284 (Wiley : alk. paper)
020 ## - INTERNATIONAL STANDARD BOOK NUMBER
International Standard Book Number 0863801862 (Research Studies Press : alk. paper)
082 00 - DEWEY DECIMAL CLASSIFICATION NUMBER
Classification number 624.17101512943
Author Mark KAV
-- L.NUST, P-10
100 1# - MAIN ENTRY--PERSONAL NAME
Personal name Kaveh, A.
9 (RLIN) 42843
245 10 - TITLE STATEMENT
Title Structural mechanics :
Remainder of title graph and matrix methods /
Statement of responsibility, etc. A. Kaveh.
250 ## - EDITION STATEMENT
Edition statement 2nd ed.
260 ## - PUBLICATION, DISTRIBUTION, ETC.
Place of publication, distribution, etc. Taunton, Somerset, England :
Name of publisher, distributor, etc. Research Studies Press ;
Place of publication, distribution, etc. New York :
Name of publisher, distributor, etc. Wiley,
Date of publication, distribution, etc. c1995.
300 ## - PHYSICAL DESCRIPTION
Extent xv, 440 p. :
Other physical details ill. ;
Dimensions 24 cm.
490 1# - SERIES STATEMENT
Series statement Applied and engineering mathematics series ;
526 ## - STUDY PROGRAM INFORMATION NOTE
Program name 0
Interest level 0
Reading level 0
Title point value 624_171015129430000_KAV
650 #0 - SUBJECT ADDED ENTRY--TOPICAL TERM
Topical term or geographic name entry element Structural analysis (Engineering)
General subdivision Matrix methods.
9 (RLIN) 1143
942 ## - ADDED ENTRY ELEMENTS (KOHA)
Source of classification or shelving scheme
Koha item type Book
Holdings
Withdrawn status Lost status Source of classification or shelving scheme Damaged status Not for loan Permanent Location Current Location Date acquired Total Checkouts Full call number Barcode Date last seen Price effective from Koha item type
          Military College of Engineering (MCE) Military College of Engineering (MCE) 06/17/2014   624.17101512943 KAV MCE-43860 06/17/2014 06/17/2014 Book
© 2023 Central Library, National University of Sciences and Technology. All Rights Reserved.